[Event "World-ch Carlsen-Anand +3-1=7"]
[Site "Sochi"]
[Date "2014.11.18"]
[Round "8"]
[White "Anand, Viswanathan"]
[Black "Carlsen, Magnus"]
[Result "1/2-1/2"]
[WhiteElo "2792"]
[BlackElo "2863"]
[Annotator "Postny,Evgeny"]
[PlyCount "81"]
[EventDate "2014.11.08"]
[EventType "match"]
[EventRounds "12"]
[EventCountry "RUS"]
[SourceTitle "CBM 164"]
[Source "ChessBase"]
[SourceDate "2015.01.15"]
[SourceVersion "1"]
[SourceVersionDate "2015.01.15"]
[SourceQuality "1"]

1. d4 {[%emt 0:00:04]} Nf6 {[%emt 0:00:08]} 2. c4 {[%emt 0:00:05]} e6 {[%emt 0:00:07]} 3. Nf3 {[%emt 0:00:04]} d5 {[%emt 0:00:16]} 4. Nc3 {[%emt 0:00:09]} Be7 {[%emt 0:00:39]} 5. Bf4 {[%emt 0:00:13] Anand doesn't mind to repeat the same line that brought him success in game three.} O-O {[%emt 0:00:14]} 6. e3 {[%emt 0:00:06]} c5 {[%emt 0:00:13] This used to be the main line years ago, but nowadays is out of fashion.} ({In game three there followed} 6... Nbd7 7. c5 {which is the main line nowadays.}) 7. dxc5 {[%emt 0:00:28]} Bxc5 {[%emt 0:00:16]} 8. a3 {[%emt 0:00:27]} Nc6 {[%emt 0:00:08]} 9. Qc2 {[%emt 0:00:54]} Re8 $5 {[%emt 0:00:12] Here is what Magnus and his team unleashed. Black's idea is to prepare e6-e5. However, as long as Black's queen stays on d8, this gives White numerous options to press on the d5. The quiet rook move is very rare and has never really appeared on the top level so far. During and after the game there were speculations as to whether the idea 9...e8 was a one-shot affair, or whether it may find followers and even become a new trend in the Queen's Gambit!? Hard to say. After a certain analysis I can conclude that White definitely can't refute Black's setup by force, but does have chances for a slight advantage.} (9... Qa5 {is the main move.}) 10. Bg5 $6 {[%emt 0:11:18] White has many logical options to consider. Anand's choice is one of them, but unfortunately for him, is not the most challenging. In future games White needs to seek for an advantage after 10.0-0-0 or 10.b4.} (10. b4 Bd6 ({A real mess may arise after} 10... e5 $6 11. Bg5 d4 12. Bxf6 gxf6 13. Nd5 e4 14. bxc5 exf3 15. O-O-O {which seems to be in White's favour.}) 11. Bxd6 Qxd6 12. c5 (12. Be2 dxc4 13. Bxc4 $140 Ne5 $1 $11) 12... Qe7 13. Rd1 Rd8 14. Be2 e5 15. O-O Bg4 16. Rfe1 {This position is slightly easier to handle as White.}) (10. O-O-O e5 (10... h6 $5 {This prophylaxics deserves more atttention. Before developing his counterplay on the queenside, Black covers the g5-square.} 11. Bg3 (11. Kb1 e5 12. cxd5 exf4 13. dxc6 Qc7 14. Nd5 Nxd5 15. Qxc5 Nf6 16. exf4 Bg4 $132) (11. Nb5 e5 12. Bg3 a6 13. cxd5 Na5 $1 14. Nc3 Bg4 $44 {and now} 15. b4 $2 Bd6 16. bxa5 $2 Qxa5 {[%csl Rc1] leads to a disaster for White.}) 11... a6 $1 {Another useful prophylactic move.} ({After} 11... Qa5 $6 12. Nb5 {is unpleasant.}) 12. Kb1 Be7 13. Bh4 Bd7 14. Bxf6 Bxf6 15. cxd5 Na5 $1 16. dxe6 Rxe6 17. Rd5 Rc8 18. Nd4 Re5 19. Rxe5 Bxe5 {with decent compensation.}) 11. Bg5 (11. cxd5 $6 exf4 12. dxc6 Qc7 {is fine for Black.}) 11... d4 12. Nd5 Be7 13. Nxe7+ Qxe7 14. exd4 Nxd4 (14... Bg4 15. dxe5 (15. d5 $6 Nd4 16. Qd3 Bxf3 17. gxf3 b5 $1 $44) 15... Nxe5 16. Be2 b5 $5 (16... h6 17. Be3 $14) 17. Rhe1 bxc4 18. Bxc4 Bxf3 19. gxf3 Qc7 20. Be2 $14) 15. Nxd4 exd4 16. Rxd4 (16. Kb1 h6 17. Bh4 $14) 16... Qe5 17. Be3 b5 18. c5 Bf5 19. Bd3 Rac8 20. b4 Bxd3 21. Rxd3 $14 {1-0 (39) Lalith,B (2569)-Thejkumar,M (2452) Jalgaon 2013}) (10. Rd1 e5 11. Bg5 d4 12. Nd5 Be7 13. Bxf6 Bxf6 14. Bd3 g6 15. Nxf6+ Qxf6 16. O-O Bg4 $11 {½-½ (30) Romanov,S (2535)-Dibley,E (2463) ICCF email 2010}) ({In case of} 10. cxd5 exd5 11. Be2 {Black can equalise by} d4 12. Rd1 Bg4 13. O-O Qe7 14. Na4 Bxf3 15. Bxf3 dxe3 $1 16. Nxc5 e2 17. Bxe2 Qxe2 $11) 10... Be7 $1 {[%emt 0:02:07] Magnus answered quickly, clearly showing that Anand's reply had also been under thorough investigation.} (10... d4 11. O-O-O e5 {would transpose to the line 10.0-0-0 e5 11.g5 d4 mentioned above.}) 11. Rd1 {[%emt 0:07:43]} (11. cxd5 Nxd5 12. Bxe7 Qxe7 $11) (11. O-O-O Bd7 {is also perfectly playable for Black.} (11... Qa5 $6 12. Bxf6 Bxf6 13. cxd5 {Here White's knight is not pinned, so White wins a pawn.}) {It is now very risky for White to grab the pawn:} 12. Bxf6 $6 Bxf6 13. cxd5 exd5 14. Rxd5 Rc8 $36) 11... Qa5 {[%emt 0:01:00] Pinning the knight, so now the d5 is protected.} 12. Bd3 {[%emt 0:06:50] Officially, only this is a novelty. At first sight it looks like an improvement, but Carlsen proves that Black has good grounds for keeping the balance.} (12. Be2 Ne4 13. cxd5 Nxc3 14. Qxc3 Qxc3+ 15. bxc3 exd5 16. Bxe7 Nxe7 17. Nd4 Bd7 $11 {0-1 (66) Correa de Almeida,C (1742)-Manheimer,G (1967) Lechenicher SchachServer 2010}) 12... h6 {[%emt 0:00:34]} 13. Bh4 {[%emt 0:00:24]} dxc4 {[%emt 0:02:23]} (13... a6 {was also possible and after} 14. O-O (14. cxd5 Nxd5 15. Bxe7 Ncxe7 $11) 14... dxc4 15. Bxc4 {could lead to the same position by a different order of moves.}) 14. Bxc4 {[%emt 0:00:14]} a6 {[%emt 0:02:32]} 15. O-O {[%emt 0:07:30]} b5 {[%emt 0:01:40]} 16. Ba2 {[%emt 0:07:59]} Bb7 {[%emt 0:00:53]} 17. Bb1 {[%emt 0:03:35]} (17. Bxf6 Bxf6 18. Ne4 (18. Rd7 Re7 $11) 18... Be7 19. Rd7 (19. Nc5 Bxc5 20. Qxc5 Red8 $11) 19... Qb6 20. Bb1 g6 {White doesn't have enough resources to create serious threats, his activity is temporary. For instance: after} 21. h4 Rac8 {Black has no problems.}) 17... Rad8 $1 {[%emt 0:01:09] A cold-blooded reply, showing that White's battery along the diagonal b1-h7 is not so frightening.} 18. Bxf6 {[%emt 0:09:36]} Bxf6 {[%emt 0:00:37]} 19. Ne4 $146 {[%emt 0:04:31]} (19. Qh7+ $6 {is just a single check.} Kf8 {Black's king has a safe shelter on e7. Meanwhile, White's queenside is under pressure.}) ({RR} 19. Qh7+ Kf8 20. Ne4 Rxd1 21. Rxd1 Rd8 22. Rxd8+ Qxd8 23. Qh8+ Ke7 24. Qxd8+ Nxd8 25. Nxf6 Kxf6 26. Nd2 Ke5 27. f4+ Kd6 28. Kf2 a5 29. Bd3 Bc6 30. e4 f6 31. Nb3 Nb7 32. Nd4 Nc5 33. Bxb5 Bxe4 {Spalir,J (2305)-Acimovic,V (1728) Otocec 2016 ½-½ (62)}) 19... Be7 {[%emt 0:00:10]} 20. Nc5 {[%emt 0:08:02]} Bxc5 {[%emt 0:00:40]} 21. Qxc5 {[%emt 0:00:08]} b4 $1 {[%emt 0:05:00] After the exchange of queens the game peters out.} 22. Rc1 {[%emt 0:05:11]} (22. Qxa5 Nxa5 23. axb4 Nc4 24. b3 Bxf3 25. Rxd8 (25. gxf3 $4 Nd2 $19) 25... Rxd8 26. bxc4 Be2 27. Rc1 Bxc4 $11) 22... bxa3 {[%emt 0:03:27]} 23. bxa3 {[%emt 0:00:19]} Qxc5 {[%emt 0:01:36]} 24. Rxc5 {[%emt 0:00:14]} Ne7 {[%emt 0:01:56]} 25. Rfc1 {[%emt 0:03:42]} Rc8 {[%emt 0:00:28]} (25... Bxf3 {is possible, but I wouldn't recommend it.} {After} 26. gxf3 {White's bishop is slightly superior to the knight and the a6 may become a target.}) 26. Bd3 {[%emt 0:01:57]} Red8 {[%emt 0:01:15]} 27. Rxc8 {[%emt 0:02:28]} Rxc8 {[%emt 0:01:53]} 28. Rxc8+ {[%emt 0:04:58]} Nxc8 {[%emt 0:00:02]} 29. Nd2 {[%emt 0:01:41]} Nb6 {[%emt 0:01:06]} 30. Nb3 {[%emt 0:02:03]} Nd7 {[%emt 0:00:14] Covering the c5-square and parrying White's last attempt to squeeze something out of nothing.} 31. Na5 {[%emt 0:02:28]} Bc8 {[%emt 0:00:35]} 32. Kf1 {[%emt 0:01:27]} Kf8 {[%emt 0:01:11]} 33. Ke1 {[%emt 0:00:22]} Ke7 {[%emt 0:06:03]} 34. Kd2 {[%emt 0:01:31]} Kd6 {[%emt 0:03:16]} 35. Kc3 {[%emt 0:00:30]} Ne5 {[%emt 0:00:26]} 36. Be2 {[%emt 0:00:32]} Kc5 {[%emt 0:00:19]} 37. f4 {[%emt 0:02:25]} Nc6 {[%emt 0:01:17]} 38. Nxc6 {[%emt 0:01:41]} Kxc6 {[%emt 0:00:02]} 39. Kd4 {[%emt 0:00:39]} f6 {[%emt 0:00:37] Black has a safe fortress.} 40. e4 {[%emt 0:00:00]} Kd6 {[%emt 0:00:00]} 41. e5+ {[%emt 0:01:07] A success for Magnus neutralising one of Anand's last games as White in the match.} 1/2-1/2

[Event "World-ch Carlsen-Anand +3-1=7"]
[Site "Sochi"]
[Date "2014.11.21"]
[Round "10"]
[White "Anand, Viswanathan"]
[Black "Carlsen, Magnus"]
[Result "1/2-1/2"]
[WhiteElo "2792"]
[BlackElo "2863"]
[Annotator "Krasenkow,Michal"]
[PlyCount "63"]
[EventDate "2014.11.08"]
[EventType "match"]
[EventRounds "12"]
[EventCountry "RUS"]
[SourceTitle "CBM 164"]
[Source "ChessBase"]
[SourceDate "2015.01.15"]
[SourceVersion "1"]
[SourceVersionDate "2015.01.15"]
[SourceQuality "1"]

1. d4 {[%emt 0:00:03]} Nf6 {[%emt 0:00:07]} 2. c4 {[%emt 0:00:05]} g6 {[%emt 0:00:05]} 3. Nc3 {[%emt 0:00:07]} d5 {[%emt 0:00:07]} 4. Nf3 {[%emt 0:00:05]} Bg7 {[%emt 0:00:08]} 5. Qb3 {[%emt 0:00:06]} dxc4 {[%emt 0:00:14]} 6. Qxc4 {[%emt 0:00:07]} O-O {[%emt 0:00:14]} 7. e4 {[%emt 0:00:06]} Na6 {[%emt 0:00:33]} 8. Be2 {[%emt 0:00:35]} c5 {[%emt 0:00:10]} 9. d5 {[%emt 0:00:07]} e6 {[%emt 0:00:07]} 10. O-O {[%emt 0:00:16]} exd5 {[%emt 0:00:17]} 11. exd5 {[%emt 0:00:12]} Re8 {[%emt 0:00:35]} 12. Bg5 {[%emt 0:11:40] A relatively rare but promising idea posing new problems to the adherents of the 7...a6 system. White provokes ...h7-h6, which will later allow him to gain a tempo when his queen will be forced to retreat to c1.} h6 {[%emt 0:03:02]} (12... Qb6 13. Qh4 Bf5 14. Bb5 Bd7 15. Bc4 Nb4 16. Rad1 $16 {[%cal Yd5d6] 1-0 (21) Limp,E (2440)-Rosa,C (2223) Rio de Janeiro 2006}) 13. Be3 {[%emt 0:01:35]} (13. Bxf6 $6 {makes no sense:} Qxf6 14. Rad1 Bd7 15. Rfe1 (15. Rd2 Rab8 16. a4 Qb6 17. d6 Nb4 18. Qb3 Rbd8 19. Bc4 Be6 20. Rfd1 Rd7 $132 {[%csl Rd6] 0-1 (37) Jakobsen,O (2410)-Welin,T (2215) Copenhagen 1980}) 15... Qb6 16. Rd2 Rad8 17. a3 Qa5 18. Bf1 Rxe1 19. Nxe1 b5 $36 {1/2 (38) Oll,L (2405)-Gavrikov,V (2550) Tallinn 1985}) (13. Bh4 Qb6 (13... g5 $5) 14. a3 (14. Rfd1 Bf5) 14... Bf5 15. Bd3 Bxd3 16. Qxd3 Qxb2 17. Ra2 Qb6 18. Rb1 c4 19. Qxc4 Rac8 20. Qf1 Qc5 $36 {1/2 (41) Szczechowicz,B (2275)-Miton,K (2375) Trzebinia 1998}) (13. Bf4 $5 Bf5 (13... g5 $5 14. Bg3 Nh5 {is probably better}) 14. Ne5 (14. Rad1 Ne4 15. Bd3 Nd6 16. Bxd6 Bxd3 17. Rxd3 Qxd6 18. a3 Nc7 19. Rfd1 b6 20. Ne4 Qd7 21. Nc3 Rad8 22. h3 Qd6 23. a4 {1/2 (23) Bolbochan,J-Pilnik,H Mar del Plata 1950}) 14... Qb6 (14... Nd7 $5 15. Nxd7 Qxd7) 15. d6 Be6 16. Qd3 Qb4 17. Qd2 g5 18. Bg3 c4 19. f4 $16 {1-0 (28) Antoshin,V-Kozma,J Sochi 1963}) 13... Bf5 {[%emt 0:02:29]} 14. Rad1 {[%emt 0:07:06]} Ne4 {[%emt 0:02:40]} (14... Qb6 {didn't solve Black's problems in the following correspondence game:} 15. Rd2 ({but not} 15. b3 Rad8 16. Rd2 $6 Ng4 17. Bf4 Qa5 18. Rc1 {0-1 (67) Wojtaszek,R (2713)-Ponomariov,R (2729) Poikovsky 2012} b5 $1 19. Qxb5 Bxc3 20. Qxa6 g5 $1 $17) 15... Rac8 16. h3 Ne4 17. Nxe4 Rxe4 18. Qc1 Ree8 19. Bc4 Qd6 20. Re2 g5 21. h4 f6 22. Rfe1 Nc7 23. Bb3 b6 24. Nd2 Kh8 25. Nc4 Qd7 26. hxg5 hxg5 27. d6 $16 {1-0 (46) Langeveld,R (2696)-Schuster,P (2451) ICCF email 2010}) ({RR} 14... Qb6 15. b3 Rad8 16. Rd2 Ng4 17. Bf4 Qa5 18. Rc1 g5 19. Bg3 Bxc3 20. Qxc3 Qxc3 21. Rxc3 Nf6 22. Bb5 Ne4 23. Re3 Nxd2 24. Rxe8+ Rxe8 25. Bxe8 Ne4 26. Ne5 f6 27. Nc4 Kf8 28. Bb5 Nxg3 29. Bxa6 {Wojtaszek,R (2713)-Ponomariov,R (2729) Poikovsky 2012 0-1 (67)}) 15. Nxe4 {[%emt 0:02:11]} Bxe4 $146 {[%emt 0:10:55]} (15... Rxe4 16. Qc1 {[%cal Re3h6,Yd5d6]}) ({RR} 15... Rxe4 16. Qc1 Kh7 17. a3 Qd7 18. d6 Rae8 19. Bd3 Rg4 20. Bxf5 Qxf5 21. h3 {1-0 (21) Ebrahimi Herab,H (2385)-Mattenberger,M (2236) chess.com INT 2025}) ({RR} 15... Rxe4 16. Qc1 Kh7 17. Bd3 Nb4 18. Bxe4 Bxe4 19. a3 Nd3 20. Qd2 Nxb2 21. Rc1 Nd3 22. Rb1 Qxd5 23. Ne1 c4 24. f3 c3 25. Qc2 Bf5 26. Rd1 Nxe1 27. Rfxe1 Qc4 28. Qf2 b5 29. g4 Bd3 30. Kh1 {Ebrahimi Herab,H (2386)-Yang Kaiqi (2481) chess.com INT 2024 0-1 (36)}) 16. Qc1 {[%emt 0:12:38] This retreat is now unnecessary as the queen is not attacked.} (16. d6 $142 $1 $36 {[%csl Gd6]}) 16... Qf6 {[%emt 0:05:49] Black immediately exploits White's inaccuracy. Still, he can't reach full equality.} (16... Kh7 $143 17. d6 $1) 17. Bxh6 {[%emt 0:09:45]} Qxb2 {[%emt 0:00:30]} (17... Bxd5 {(recommended by GM M.Golubev)} 18. Rxd5 Rxe2 19. Rd7 $5 (19. Bxg7 Kxg7 20. Rd7 Re7 $11) 19... Qxb2 20. Bxg7 Qxc1 21. Rxc1 Kxg7 22. Rxb7 {[%cal Rf3g5]} Rae8 $1 $14) 18. Qxb2 {[%emt 0:13:47]} Bxb2 {[%emt 0:00:08]} 19. Ng5 $1 {[%emt 0:08:07]} Bd4 $1 {[%emt 0:33:49][%csl Gd4]} 20. Nxe4 {[%emt 0:14:02]} Rxe4 {[%emt 0:00:09]} 21. Bf3 {[%emt 0:00:18]} Re7 {[%emt 0:01:52]} 22. d6 {[%emt 0:08:08]} Rd7 {[%emt 0:00:03]} 23. Bf4 {[%emt 0:00:42][%csl Gd6]} Nb4 {[%emt 0:05:55]} 24. Rd2 $6 {[%emt 0:01:14][%mdl 32] By ceding the e-file to Black White loses winning chances.} (24. Rfe1 $142 Rad8 {[%cal Yd7d6]} (24... Nxa2 $143 25. Re7 Rxe7 26. dxe7 Re8 27. Re1 {[%csl Ge7]}) 25. a3 (25. Re7 Kf8 $1) 25... Nc6 26. h4 $14) 24... Re8 {[%emt 0:02:32]} 25. Rc1 {[%emt 0:05:57]} Re6 {[%emt 0:08:43]} 26. h4 {[%emt 0:01:25]} Be5 {[%emt 0:04:58]} 27. Bxe5 {[%emt 0:01:45]} Rxe5 $11 {[%emt 0:00:02] Now White's d6-pawn can become weak. Vishy Anand decides to force a draw.} 28. Bxb7 {[%emt 0:03:39]} Rxb7 {[%emt 0:00:03]} 29. d7 {[%emt 0:00:07]} Nc6 {[%emt 0:00:08]} 30. d8=Q+ {[%emt 0:00:06]} Nxd8 {[%emt 0:00:05]} 31. Rxd8+ {[%emt 0:00:12]} Kg7 {[%emt 0:00:03]} 32. Rd2 {[%emt 0:01:01]} 1/2-1/2

[Event "Tata Steel-A 77th"]
[Site "Wijk aan Zee"]
[Date "2015.01.12"]
[Round "3"]
[White "Wojtaszek, Radoslaw"]
[Black "Carlsen, Magnus"]
[Result "1-0"]
[WhiteElo "2744"]
[BlackElo "2862"]
[Annotator "ChessBase"]
[PlyCount "103"]
[EventDate "2015.01.10"]
[EventType "tourn"]
[EventRounds "13"]
[EventCountry "NED"]
[EventCategory "20"]
[SourceTitle "CBM 165"]
[Source "ChessBase"]
[SourceDate "2015.03.11"]
[SourceVersion "1"]
[SourceVersionDate "2015.03.11"]
[SourceQuality "1"]

1. d4 d6 2. Nf3 g6 3. c4 f5 {A delayed dutch.} 4. b4 Bg7 5. Bb2 a5 ({RR} 5... Nh6 6. e3 Nf7 7. c5 a5 8. a3 O-O 9. Qb3 e6 10. Be2 Qe7 11. O-O g5 12. Nc3 d5 13. h3 Nd7 14. Nb5 g4 15. hxg4 fxg4 16. Nd2 c6 17. Nd6 Nxd6 18. cxd6 Qxd6 19. Bxg4 e5 20. e4 {Volkov,S (2618)-Petrosian,T (2663) Moscow 2015 0-1 (43)}) 6. b5 a4 $146 {This brave pawn will be weak, but it does restrict White a little. Carlsen has to be very careful not to lose it though.} ({RR} 6... c5 7. e3 Nd7 8. Be2 e5 9. O-O e4 10. Ne1 Ngf6 11. f4 O-O 12. d5 h6 13. Nc2 Nb6 14. Nd2 Na4 15. Ba3 Nh7 16. Nb1 g5 17. Bc1 Bxa1 18. Nxa1 Qf6 19. Qxa4 Qxa1 20. Qc2 Qg7 21. Bb2 {Villavicencio Martinez,C (2131)-Hidalgo Santana,F (2130) Tenerife 2009 ½-½ (37)}) ({RR} 6... Nd7 7. e3 e5 8. a4 e4 9. Nfd2 Nh6 10. Be2 O-O 11. Nc3 Kh8 12. Qc2 Nf6 13. O-O Nh5 14. Bxh5 gxh5 15. Nd5 Ng4 16. h3 Nf6 17. Nf4 Bh6 18. d5 Qe8 19. c5 Kg8 20. cxd6 Bxf4 21. exf4 {von Mettenheim,J (2345)-Jakobeit,D (2243) Verden an der Aller GER 2025 1-0 (36)}) 7. e3 Nf6 8. Be2 c6 9. bxc6 bxc6 10. O-O O-O 11. Qc2 Qc7 12. Nc3 a3 13. Bc1 {White has a nice edge. His central control and possibility to attack a3 makes Black's position very shaky. The best he can do is sacrifice the a3 pawn and try to gain counterplay using the open a-file, but that seems to be easier said than done.} Nbd7 14. Rb1 Ne4 {This uses a nifty tactical resource, but Wojtaszek smartly sidesteps the complications.} 15. Nxe4 fxe4 16. Nd2 (16. Qxe4 Nc5 $1 17. dxc5 (17. Qh4 Bf5 $132) 17... Bf5 {skewers the queen to the rook on b1.}) 16... Nf6 17. Rb3 {White is now going to win the b3 pawn and in some lines e4 is under attack. Black really has no compensation.} Bf5 18. Rxa3 h5 19. Rxa8 Rxa8 20. a3 h4 {Initiating operations on the kingside is the only way to go, but it is insufficient.} 21. Bb2 h3 22. g3 {Ignoring the pawn pushes is fine for White as there is no way to force the trade of the bishops, the knight on d2 AND get a queen to f3.} Qc8 23. Re1 (23. Ra1 Bg4 $1) 23... Rb8 (23... Bg4 24. Nxe4 {is no good. Re1 is prophylaxis against Bg4.}) 24. Bc3 Nh7 25. a4 Ng5 26. Rb1 Ra8 27. Qd1 (27. Rb6 $16) 27... c5 28. Rb6 Qe6 $2 {This leads to a forced win for White.} (28... Kh7 {still keeps Black's chances alive, though there is no doubt that White is better.}) 29. g4 $1 {Simply put the bishop on f5 is trapped. Black has some tricks, but that's it.} cxd4 30. Bxd4 {There is no rush in capturing on f5, so this is more precise.} Bxd4 31. exd4 e3 32. gxf5 gxf5 (32... exf2+ 33. Kf1 $1 Qxf5 34. Qb1 {is kaput.}) 33. Nf1 exf2+ 34. Kxf2 Ne4+ 35. Ke1 {White's king is a little exposed, and with time trouble looming the situation is tricky, but Wojtaszek handles it very well.} Qf6 36. Qd3 Rxa4 37. Rb1 $1 {Covering the first rank removes counterplay.} Qh4+ 38. Ng3 Kf7 (38... Nxg3 39. Qxg3+ Qxg3+ 40. hxg3 h2 41. Kf2 $18) 39. Qf3 $1 Kg7 40. Qf4 $1 {A very human reaction. The computers will tell you there are better moves out there, but simplifying into an endgame up a piece is the simplest.} Qxf4 41. Nh5+ Kf7 42. Nxf4 Ng5 43. d5 {The rest is relatively easy. White just needs to untangle and put his pieces in the correct spots. f5 and h3 will eventually work by themselves.} Kf6 44. Kf2 Ra3 45. Bd3 Ra2+ 46. Kg3 Ra3 47. Re1 Ne4+ 48. Kf3 Ng5+ 49. Ke3 Ra2 50. Re2 Ra3 51. Rf2 Ne4 52. Rf3 1-0

[Event "Tata Steel-A 77th"]
[Site "Wijk aan Zee"]
[Date "2015.01.13"]
[Round "4"]
[White "Van Wely, Loek"]
[Black "Carlsen, Magnus"]
[Result "0-1"]
[WhiteElo "2667"]
[BlackElo "2862"]
[PlyCount "88"]
[EventDate "2015.01.10"]
[EventType "tourn"]
[EventRounds "13"]
[EventCountry "NED"]
[EventCategory "20"]
[SourceTitle "CBM 165"]
[Source "ChessBase"]
[SourceDate "2015.03.11"]
[SourceVersion "1"]
[SourceVersionDate "2015.03.11"]
[SourceQuality "1"]

1. d4 Nf6 2. c4 g6 3. Nf3 Bg7 4. g3 d5 5. cxd5 Nxd5 6. Bg2 Nb6 7. Nc3 Nc6 8. O-O O-O 9. d5 Na5 10. Qc2 c6 11. dxc6 Nxc6 12. Rd1 Bd7 13. Bf4 Qc8 ({RR} 13... Rc8 14. Rac1 e5 15. Bg5 f6 16. Qb3+ Kh8 17. Be3 Na5 18. Qb4 Nc6 19. Qb3 Na5 20. Bxb6 axb6 21. Qb4 Qc7 22. h4 Bf5 23. Nd5 Qxc1 24. Rxc1 Rxc1+ 25. Kh2 Be6 26. e4 Nc6 27. Qxb6 Rc2 28. h5 {Van Wely,L (2609)-Hellers,F (2592) Chess.com INT 2020 1-0 (42)}) ({RR} 13... Rc8 14. Rac1 e5 15. Bg5 Qe8 16. Ne4 Bf5 17. Nh4 Nd4 18. Qd3 Bg4 19. f3 Rxc1 20. Rxc1 Bd7 21. Bf1 f6 22. Be3 Bc6 23. Qa3 a6 24. Bf2 Kh8 25. e3 Nxf3+ 26. Nxf3 Bxe4 27. Nd2 Bc6 28. Bg2 {Khusenkhojaev,M (2366)-Wei Yi (2729) Qingdao CHN 2023 0-1 (52)}) 14. Rac1 Bf5 15. e4 Bg4 16. Qb3 $146 ({RR} 16. Nd5 Nxd5 17. exd5 Bxf3 18. Bxf3 Nd4 19. Qe4 Nxf3+ 20. Qxf3 Qf5 21. Qd3 {½-½ (21) Pliester,L (2350)-Pribyl,J (2460) Pardubice 1996}) ({RR} 16. Nb5 e5 17. Be3 Rd8 18. Rxd8+ Qxd8 19. Rd1 Qc8 20. Nd6 Qc7 21. h3 Bxf3 22. Bxf3 Rd8 23. Nb5 Qb8 24. Qc5 Rxd1+ 25. Bxd1 Bf8 26. Qc1 Qd8 27. Qd2 Qxd2 28. Bxd2 a6 29. Nc3 Nc4 30. Bc1 Bb4 {Naumann,A (2544)-Tuncer,U (2289) Austria 2011 ½-½ (74)}) 16... Qe6 17. Qxe6 fxe6 18. e5 Nd5 19. Nxd5 exd5 20. Ng5 e6 21. f3 h6 22. fxg4 hxg5 23. Bxg5 Nxe5 24. Bf4 Nc6 25. g5 Bxb2 26. Rc2 Bd4+ 27. Kh1 Rad8 28. Rb1 Rf7 29. Bh3 Re8 30. Re2 e5 31. Rb5 Ref8 32. Be6 exf4 33. Rxb7 f3 34. Rd2 Kg7 35. Bxf7 Rxf7 36. Rxf7+ Kxf7 37. Rd3 f2 38. Kg2 Ke6 39. h4 Bb6 40. Rf3 Ne5 41. Rf6+ Ke7 42. a4 Bd4 43. g4 Nxg4 44. Rf4 Nh2 0-1